Las moradas
Gespeichert in:
| 1. Verfasser: | |
|---|---|
| Format: | Buch |
| Sprache: | Spanisch |
| Veröffentlicht: |
Ciudad de México
Porrua
1975
|
| Ausgabe: | 3a. ed |
| Schriftenreihe: | Sepan cuántos, 50
|
| Schlagworte: | |
| Tags: |
Tag hinzufügen
Keine Tags, Fügen Sie den ersten Tag hinzu!
|
MARC
| LEADER | 00000nam a2200000 a 4500 | ||
|---|---|---|---|
| 001 | UCY2142 | ||
| 003 | CL-VaPUC | ||
| 008 | 941011e19750000MX |||||||||||||||||spa|d | ||
| 082 | 0 | 4 | |a 248.8943 |b TER |2 21 |
| 100 | 0 | |a Santa Teresa de Jesús |e author |9 313710 | |
| 245 | 1 | 4 | |a Las moradas |
| 246 | 1 | 0 | |a Libro de su vida |
| 250 | |a 3a. ed | ||
| 300 | |a 314 p | ||
| 942 | |c BK | ||
| 945 | |d 19941011 00:00:00 |a rbrito | ||
| 260 | |a Ciudad de México |b Porrua |c 1975 | ||
| 600 | 0 | 7 | |a SANTA TERESA DE AVILA |2 CL-VaPUC |9 314693 |
| 650 | 0 | |a Misticismo |9 265505 | |
| 650 | 0 | |a Espiritualidad |9 267331 | |
| 650 | 0 | |a Experiencia religiosa |9 315549 | |
| 650 | 0 | |a Vida cristiana |9 258753 | |
| 650 | 0 | |a Autobiografías |9 265171 | |
| 583 | |a last modification |c 19941011 00:00:00 |k Rodrigo Vera | ||
| 490 | 0 | |a Sepan cuántos, 50 | |
| 999 | |c 230636 |d 230634 | ||
| 952 | |0 0 |1 0 |4 0 |6 248_894300000000000_TER_1975 |7 0 |8 P |9 233050 |a BIBARQ |b BIBARQ |d 2019-11-15 |i 3025934 |o 248.8943 TER 1975 |p 3025934 |r 2025-01-20 |w 2019-11-15 |y BK |k ARQ | ||